=LDR 00000nam 2200000 4500 =001 INLIS000000000048068 =005 20160415161546.0 =006 =007 =008 =035 ##$$0010-041600000000049 =082 ##$$a 345.02 =090 ##$$a 345.02 Pur p =100 ##$$a Purnomo, Bambang $q Bambang Purnomo SH =245 ##$$a potensi Kejahatan Korupsi Di indonesia =260 ##$$a Yogyakarta $b Bina Aksara $c 1983 =300 ##$$a 78 hlm $c 18 cm =990 ##$$a 0001/BPAP-NTB/2016